Naše firmy se musí zbavit obavy z cizích teritorií

Uplatnenie českých firiem vo svete. Pozitívne faktory: stabilita, cenová primeranosť, tradičné priemyselné teritórium, úroveň vzdelania, dobrá poloha. Negatívne faktory: prístup, priemernosť, obava z cudzích teritórií, kurz koruny, kvalita služieb. Analýza úspešnosti na priemyselných a spotrebiteľsk...

ver descrição completa

Na minha lista:
Detalhes bibliográficos
Autor principal: Havlíček, Karel
Formato: Capítulo de Livro
Idioma:tcheco
Assuntos:
Tags: Adicionar Tag
Sem tags, seja o primeiro a adicionar uma tag!

MARC

LEADER 00000naa$a2200000$$$4500
001 0056215
005 20231018130458.1
041 0 |a cze 
044 |a CZ 
245 1 0 |a Naše firmy se musí zbavit obavy z cizích teritorií  |c Karel Havlíček 
520 |a Uplatnenie českých firiem vo svete. Pozitívne faktory: stabilita, cenová primeranosť, tradičné priemyselné teritórium, úroveň vzdelania, dobrá poloha. Negatívne faktory: prístup, priemernosť, obava z cudzích teritórií, kurz koruny, kvalita služieb. Analýza úspešnosti na priemyselných a spotrebiteľských trhoch. 
610 2 0 |a Česko 
610 2 0 |a trh spotrebiteľský 
610 2 0 |a trhy 
610 2 0 |a kvalita 
610 2 0 |a kooperácia 
610 2 0 |a výhody konkurenčné 
610 2 0 |a obchod svetový 
610 2 0 |a vzdelanie 
610 2 0 |a kurz menový 
610 2 0 |a služby 
100 1 |a Havlíček, Karel